Estadísticas para Ciudad más grande por capital

Haz click aquí para intentar la prueba.

Estadísticas generales

  • Esta prueba ha sido intentada 46 veces
  • La puntuación promedio es 14 de 37

Estadísticas de respuestas

HintRespuesta% Correcto
CanberraSídney
92%
OttawaToronto
83%
Nueva DelhiBombay
72%
AnkaraEstambul
72%
JerusalénTel Aviv
72%
BernaZúrich
72%
Abu DabiDubái
69%
Pretoria
Ciudad del Cabo
Bloemfontein
Johannesburgo
69%
VaduzSchaan
69%
PekínShanghái
69%
RabatCasablanca
67%
BrasiliaSão Paulo
67%
Sri Jayawardenapura KotteColombo
53%
AbuyaLagos
53%
WellingtonAuckland
47%
BruselasAmberes
42%
IslamabadKarachi
42%
BelmopánCiudad de Belice
31%
DodomaDar es-Salam
28%
SucreSanta Cruz de la Sierra
28%
GuitegaBuyumbura
25%
Porto-NovoCotonú
25%
NaipyidóRangún
25%
YamusukroAbiyán
19%
HanóiCiudad Ho Chi Minh
19%
ManilaCiudad Quezon
17%
Washington D. C.Ciudad de Nueva York
14%
YaundéDuala
14%
MalaboBata
11%
NgerulmudKoror
8%
BanjulSerekunda
8%
Puerto EspañaChaguanas
6%
PalikirWeno
6%
NursultánAlma Ata
3%
TaipéiNueva Taipéi
3%
San MarinoSerravalle
3%
La ValetaSan Pawl il-Baħar
0%

Distribución de puntuación

Porcentaje por número respondido

Porcentaje de gente con cada puntuación

Historial de tus puntuaciones

No has intentado esta prueba.